000 00487cam a2200193 4500
001 D12469
008 090401t1927 xxu||||| |||| 00| 0 eng d
035 _a(Sirsi) u3690
041 _aeng
100 _aRamsbotham, Ralph Leigh
245 _aCoote`s treatise on the law of mortgages
250 _a9th
260 _aLondon
_bStevens & Sons / Sweet & Maxwell
_c1927
350 _a0
520 _aShelf 178 ; Vol. I - II
710 _aCOOTE
_9443
942 _n0
948 _c04/03/1997
999 _c85921
_d85921